000 00803nam a2200193Ii 4500
003 JO-AjNU
008 230605s9999||||xx |||||||||||||| ||und||
040 _aJO-AjNU
_bara
_erda
_cJO-AjNU
041 _aara
050 1 4 _aPJ6161.A2 1990
100 3 _aتأليف الجرجاني،عبد القاهر؛ صححة :محمد عبده؛ محمد محمود التركزي الشنقيطي؛علق علية محمد رشيد رضا,
_eauthor
_911592
245 0 0 _aدلائل الإعجاز في علم المعاني
264 3 1 _aجدة: مكتبة العلم بجدة، 1990
300 _a436ص
336 _atext
_btxt
_2rdacontent
337 _aunmediated
_bn
_2rdamedia
338 _avolume
_bnc
_2rdacarrier
650 4 _aدلائل الإعجاز في علم المعاني-علم المعاني
_911593
999 _aA2404
_c5972
_d5972